000 00513nam a2200181 i 4500
001 25226
003 ES-MaACL
005 20230906153221.0
007 t|
008 021223s1960 sp ||||1| spa d
100 1 _aArami, M. M.
_922235
245 1 0 _aVive tu vida /
_cM.M. Arami ; [versión española por Miguel Altolaguirre].
250 _a12ª ed.
260 _aBarcelona :
_bHerder,
_c1960.
300 _a256 p. ;
_c19 cm.
700 1 _aAltolaguirre, Miguel.
_920558
852 _aES-MaACL
_jC-18791
_bR.41460
999 _c25226
_d25226